000 00329nam a2200121Ia 4500
008 220217s9999 xx 000 0 und d
245 0 _aSpecification for rubber hose for gas welding and allied processes.
260 _c1975
500 _aStandard number: BS 5120
650 _aGas welding
650 _aRubber hose
942 _cST
999 _c73103
_d73103